Irregular war : (Record no. 354216)

000 -LEADER
fixed length control field 01787cam a2200457 i 4500
001 - CONTROL NUMBER
control field 19423944
003 - CONTROL NUMBER IDENTIFIER
control field NUST
005 - DATE AND TIME OF LATEST TRANSACTION
control field 20180117104045.0
008 - FIXED-LENGTH DATA ELEMENTS--GENERAL INFORMATION
fixed length control field 151021t20162016enk b 001 0 eng c
010 ## - LIBRARY OF CONGRESS CONTROL NUMBER
LC control number 2016436775
020 ## - INTERNATIONAL STANDARD BOOK NUMBER
International Standard Book Number 9781784534882
Qualifying information (hardback)
020 ## - INTERNATIONAL STANDARD BOOK NUMBER
International Standard Book Number 1784534889
Qualifying information (hardback)
035 ## - SYSTEM CONTROL NUMBER
System control number (OCoLC)ocn956357823
040 ## - CATALOGING SOURCE
Original cataloging agency AU@
Language of cataloging eng
Transcribing agency AU@
Description conventions rda
Modifying agency OCLCO
-- YDX
-- SINLB
-- OCLCF
-- GWL
-- NDD
-- BTCTA
-- DLC
042 ## - AUTHENTICATION CODE
Authentication code pcc
050 00 - LIBRARY OF CONGRESS CALL NUMBER
Classification number HV6431
Item number .R645 2016
082 ## - DEWEY DECIMAL CLASSIFICATION NUMBER
Classification number 363.325 ROG 2016
100 1# - MAIN ENTRY--PERSONAL NAME
Personal name Rogers, Paul,
Dates associated with a name 1943-
Relator term author.
9 (RLIN) 8475
245 10 - TITLE STATEMENT
Title Irregular war :
Remainder of title ISIS and the new threat from the margins /
Statement of responsibility, etc. Paul Rogers.
246 30 - VARYING FORM OF TITLE
Title proper/short title ISIS and the new threat from the margins
264 #1 - PRODUCTION, PUBLICATION, DISTRIBUTION, MANUFACTURE, AND COPYRIGHT NOTICE
Place of production, publication, distribution, manufacture London ;
-- New York :
Name of producer, publisher, distributor, manufacturer I.B. Tauris,
Date of production, publication, distribution, manufacture, or copyright notice 2016.
264 #4 - PRODUCTION, PUBLICATION, DISTRIBUTION, MANUFACTURE, AND COPYRIGHT NOTICE
Date of production, publication, distribution, manufacture, or copyright notice ©2016
300 ## - PHYSICAL DESCRIPTION
Extent xii, 244 pages ;
Dimensions 22 cm
336 ## - CONTENT TYPE
Content type term text
Content type code txt
Source rdacontent
337 ## - MEDIA TYPE
Media type term unmediated
Media type code n
Source rdamedia
338 ## - CARRIER TYPE
Carrier type term volume
Carrier type code nc
Source rdacarrier
504 ## - BIBLIOGRAPHY, ETC. NOTE
Bibliography, etc. note Includes bibliographical references (pages 230-233) and index.
610 20 - SUBJECT ADDED ENTRY--CORPORATE NAME
Corporate name or jurisdiction name as entry element IS (Organization)
9 (RLIN) 8476
610 27 - SUBJECT ADDED ENTRY--CORPORATE NAME
Corporate name or jurisdiction name as entry element IS (Organization)
Source of heading or term fast
Authority record control number or standard number (OCoLC)fst01914325
9 (RLIN) 8476
650 #0 - SUBJECT ADDED ENTRY--TOPICAL TERM
Topical term or geographic name entry element Terrorists
General subdivision Recruiting.
9 (RLIN) 8477
650 #0 - SUBJECT ADDED ENTRY--TOPICAL TERM
Topical term or geographic name entry element Terrorism
General subdivision Religious aspects
-- Islam.
9 (RLIN) 8478
650 #0 - SUBJECT ADDED ENTRY--TOPICAL TERM
Topical term or geographic name entry element Radicalism
General subdivision Religious aspects
-- Islam.
9 (RLIN) 8479
650 #0 - SUBJECT ADDED ENTRY--TOPICAL TERM
Topical term or geographic name entry element Terrorism
General subdivision Prevention.
9 (RLIN) 3117
650 #0 - SUBJECT ADDED ENTRY--TOPICAL TERM
Topical term or geographic name entry element Islamic fundamentalism
General subdivision Political aspects.
9 (RLIN) 8480
650 #0 - SUBJECT ADDED ENTRY--TOPICAL TERM
Topical term or geographic name entry element Security, International.
9 (RLIN) 2184
650 #7 - SUBJECT ADDED ENTRY--TOPICAL TERM
Topical term or geographic name entry element Security, International.
Source of heading or term fast
Authority record control number or standard number (OCoLC)fst01110895
9 (RLIN) 2184
650 #7 - SUBJECT ADDED ENTRY--TOPICAL TERM
Topical term or geographic name entry element Terrorism
General subdivision Religious aspects.
Source of heading or term fast
Authority record control number or standard number (OCoLC)fst01148134
9 (RLIN) 8481
650 #7 - SUBJECT ADDED ENTRY--TOPICAL TERM
Topical term or geographic name entry element Terrorism
General subdivision Religious aspects
-- Islam.
Source of heading or term fast
Authority record control number or standard number (OCoLC)fst01148138
9 (RLIN) 8478
906 ## - LOCAL DATA ELEMENT F, LDF (RLIN)
a 7
b cbc
c pccadap
d 3
e ncip
f 20
g y-gencatlg
942 ## - ADDED ENTRY ELEMENTS (KOHA)
Source of classification or shelving scheme
Koha item type Book
Holdings
Withdrawn status Lost status Source of classification or shelving scheme Damaged status Not for loan Collection code Permanent Location Current Location Shelving location Total Checkouts Full call number Barcode Date last seen Price effective from Koha item type
            Centre for International Peace & Stability (CIPS) Centre for International Peace & Stability (CIPS) General Stacks   363.325 ROG 2016 CIPS0002887 01/17/2018 01/17/2018 Book
© 2023 Central Library, National University of Sciences and Technology. All Rights Reserved.